| 000 | 00372nam a2200157Ia 4500 | ||
|---|---|---|---|
| 008 | 230524s9999 xx 000 0 und d | ||
| 082 |
_a537 _bNAG |
||
| 100 | _aI.J.Nagrath | ||
| 245 | 0 | _aElectronic Devices and Circuits | |
| 250 | _aIST | ||
| 260 |
_aNEW DELHI _bPHI _c2007 |
||
| 300 | _aVI;554 | ||
| 500 | _aQuantity Number: 2 | ||
| 650 | _aElectronics | ||
| 942 | _cBK | ||
| 999 |
_c37520 _d37520 |
||